000 00776nam a2200229Ia 4500
003 GCL
008 140319s9999 xx 000 0 ara d
040 _aGCL /
_cGCL
082 0 4 _a811.1
_bن م
100 1 _aناصرالدين الاسد
245 1 0 _aمصادر الشعر الجاهلى وقيمتها التاريخية /
_cناصرالدين الاسد
260 _a[S.N] :
_bدار المعارف ،
_c1966
300 _a720 ص
490 _aمكتبة الدراسات الادبية
_v0
650 0 4 _aالشعر العربى
650 0 4 _aالادب العربى
650 0 4 _aالعصر الجاهلى
650 0 4 _aدواوين وقصائد
650 0 4 _aالشعر العربى - تاريخ ونقد
650 0 4 _aالمجموعات
942 _2ddc
_cBK
999 _c59127
_d59127